| 000 | 00683nam a2200193Ia 4500 | ||
|---|---|---|---|
| 008 | 220216s9999 xx 000 0 und d | ||
| 100 | _aRavichandran S | ||
| 245 | 0 | _aStudies on drought tolerance of certain modern clones in North Konkan region of Maharashtra | |
| 260 |
_bInternational Workshop on Climate Change and Rubber Cultivation: R & D Priorities, 28-30 July 2010, Rubber Research Institute of India, Kottayam, Kerala, pp. 65-66 _c2010 |
||
| 650 | _aDrought tolerance | ||
| 650 | _aHumid climate | ||
| 650 | _aIrrigation | ||
| 650 | _aModern clone | ||
| 650 | _aNorth Konkan | ||
| 700 | _aAnnamalainathan K | ||
| 700 | _aJacob J | ||
| 700 | _aSingh M | ||
| 942 | _cJS | ||
| 999 |
_c69577 _d69577 |
||